000
00226 a2200097 4500
001
28011
100
_a
Idara-e-Farogh-e-Urdu
245
_a
Naqoosh Iqbal No 2
260
_a
_b
Idara-e-Farogh-e-Urdu
_c
1977
090
_c
18719
_d
18719
942
_a
NUST-CAE
_c
M
_c
9690
999
_c
263084
_d
263084